| 000 | 01430nam a22004337a 4500 | ||
|---|---|---|---|
| 003 | OSt | ||
| 005 | 20230309144409.0 | ||
| 008 | 221006b |||||||| |||| 00| 0 eng d | ||
| 040 | _cBiblioteca Lado V | ||
| 082 |
_a701.1 _bB167a |
||
| 100 |
_9783 _aBaker, Elizabeth C. _eeditora |
||
| 245 | _aArt in America/ | ||
| 260 |
_bWhitney Communications Corporation Magazine Division _c2001 _aNew York |
||
| 300 |
_c23x28cm _a144p. |
||
| 366 | _eeng | ||
| 490 |
_aEnero _v2001 |
||
| 505 | _tLetters | ||
| 505 | _tFront Page | ||
| 505 | _tAuctions | ||
| 505 | _tReview of Books | ||
| 505 | _tReport from Dakar | ||
| 505 | _tA Fighter by His Trade | ||
| 505 | _tSmithson and the American Landscape | ||
| 505 | _tAfound Weekend, 1967: Public Sculpture and Anti-Monuments | ||
| 505 | _tStasis and Agitation | ||
| 505 | _tItaly: New and Improved | ||
| 505 | _tJason Rhodes: Pipe Dreams | ||
| 505 | _tLines of Luminosity | ||
| 505 | _tReview of Exhibitions | ||
| 505 | _tArtworld | ||
| 505 | _tReview of Exhibitions | ||
| 650 |
_2Tesauro de Arte & Arquitectura _aARTE _9703 |
||
| 650 |
_2Tesauro de Arte & Arquitectura _aCRITICA |
||
| 650 |
_2Tesauro de Arte & Arquitectura _aAPRECIACION |
||
| 650 |
_2Tesauro de Arte & Arquitectura _aCOLECCIONISMO |
||
| 650 |
_2Tesauro de Arte & Arquitectura _aARTE - USA |
||
| 700 |
_aShanley, Paul _epublicista |
||
| 942 |
_2ddc _c1 _h701.1 _iB167a _n0 |
||
| 999 |
_c3183 _d3183 |
||